UBT Library

General applied chemistry / (Record no. 47918)

000 -LEADER
fixed length control field 00500pam a2200205 a 4500
001 - CONTROL NUMBER
control field 3733986
005 - DATE AND TIME OF LATEST TRANSACTION
control field 20180918045645.0
008 - FIXED-LENGTH DATA ELEMENTS--GENERAL INFORMATION
fixed length control field 811103s1982 maua 001 0 eng
010 ## - LIBRARY OF CONGRESS CONTROL NUMBER
LC control number 81020000
020 ## - INTERNATIONAL STANDARD BOOK NUMBER
International Standard Book Number 0871507501
040 ## - CATALOGING SOURCE
Original cataloging agency DLC
Transcribing agency DLC
Modifying agency DLC
041 ## - LANGUAGE CODE
Language code of text/sound track or separate title eng
080 ## - UNIVERSAL DECIMAL CLASSIFICATION NUMBER
Universal Decimal Classification number 540 MAN
082 00 - DEWEY DECIMAL CLASSIFICATION NUMBER
Classification number 540 MAN
Edition number 19
100 1# - Rafti
Rafti 12
101 ## - Shkurtesa
Shkurtesa KIM
245 10 - TITLE STATEMENT
Title General applied chemistry /
Statement of responsibility, etc Stanley E. Manahan.
906 ## - LOCAL DATA ELEMENT F, LDF (RLIN)
a 7
b cbc
c orignew
d 1
e ocip
f 19
g y-gencatlg
942 ## - ADDED ENTRY ELEMENTS (KOHA)
Source of classification or shelving scheme
Item type Books
Holdings
Withdrawn status Lost status Source of classification or shelving scheme Damaged status Not for loan Collection code Permanent location Current location Shelving location Date acquired Total Checkouts Full call number Barcode Date last seen Price effective from Koha item type
          Koleksioni i përgjithshem UBT - Lipjan UBT - Lipjan Koleksioni i përgjithshem 09/18/2018   540 MAN 002-3012739 09/18/2018 09/18/2018 Books
UBT Library © 2015-2024. All rights reserved University Education for Business and Technology